000 00615nam a2200217Ii 4500
003 JO-AjNU
008 230606s9999||||xx |||||||||||||| ||und||
020 _a978-1-973-25211-5
040 _aJO-AjNU
_beng
_erda
_cJO-AjNU
041 _aeng
050 1 4 _aTK5105.5.2019
100 3 _aColbach,Gordon ,
_eauthor
_96555
245 0 0 _aWireless Networking: Introduction to Bluetooth and WiFi
250 _a1ed
264 3 1 _aUSA: Coppell,2022
300 _a185p
336 _atext
_btxt
_2rdacontent
337 _aunmediated
_bn
_2rdamedia
338 _avolume
_bnc
_2rdacarrier
650 4 _aNetworking-Wireless
_96556
999 _aE3402
_c3398
_d3398